[Event "Mistrovstvi Cech 2019 - U16"]
[Site "?"]
[Date "2019.10.26"]
[Round "1.10"]
[White "Hurtik, Matej"]
[Black "Toman, Jan"]
[Result "1-0"]
[BlackElo "1468"]
[WhiteElo "1924"]
[LiveChessVersion "1.4.8"]

1. e4 {[%clk 1:30:19]} c5 {[%clk 1:30:03]} 2. Nf3 {[%clk 1:30:12]} Nc6
{[%clk 1:29:59]} 3. d4 {[%clk 1:30:35]} cxd4 {[%clk 1:30:23]} 4. Nxd4
{[%clk 1:30:56]} e6 {[%clk 1:30:41]} 5. Nc3 {[%clk 1:30:35]} a6 {[%clk 1:30:01]}
6. Be2 {[%clk 1:27:08]} Bc5 {[%clk 1:27:22]} 7. Nb3 {[%clk 1:25:26]} Ba7
{[%clk 1:26:27]} 8. a4 {[%clk 1:24:16]} Qc7 {[%clk 1:24:43]} 9. O-O
{[%clk 1:24:07]} Nge7 {[%clk 1:23:16]} 10. Bg5 {[%clk 1:21:20]} O-O
{[%clk 1:22:12]} 11. Bh4 {[%clk 1:19:42]} d6 {[%clk 1:19:59]} 12. Kh1
{[%clk 1:19:30]} e5 {[%clk 1:16:30]} 13. Nd2 {[%clk 0:50:23]} f5 {[%clk 1:11:28]}
14. Nc4 {[%clk 0:48:56]} fxe4 {[%clk 1:09:23]} 15. Qxd6 {[%clk 0:48:55]} Qxd6
{[%clk 1:08:04]} 16. Nxd6 {[%clk 0:49:22]} Ng6 {[%clk 1:06:13]} 17. Bc4+
{[%clk 0:49:36]} Kh8 {[%clk 1:06:35]} 18. Bg3 {[%clk 0:49:51]} h5
{[%clk 1:02:40]} 19. Nf7+ {[%clk 0:49:57]} Kh7 {[%clk 1:02:47]} 20. Nxe4
{[%clk 0:50:20]} Nf4 {[%clk 0:56:40]} 21. Rad1 {[%clk 0:48:53]} Bf5
{[%clk 0:52:05]} 22. Neg5+ {[%clk 0:49:20]} Kg6 {[%clk 0:51:50]} 23. Bxf4
{[%clk 0:49:47]} 1-0

[Event "Mistrovstvi Cech 2019 - U16"]
[Site "?"]
[Date "2019.10.26"]
[Round "1.11"]
[White "Matejicek, Vojtech"]
[Black "Jares, Michal"]
[Result "0-1"]
[BlackElo "1922"]
[WhiteElo "1455"]
[LiveChessVersion "1.4.8"]

1. f4 {[%clk 1:30:07]} d5 {[%clk 1:30:31]} 2. Nf3 {[%clk 1:30:28]} g6
{[%clk 1:30:15]} 3. e3 {[%clk 1:30:36]} Bg7 {[%clk 1:29:39]} 4. d4
{[%clk 1:28:53]} Nf6 {[%clk 1:27:34]} 5. Be2 {[%clk 1:25:50]} O-O
{[%clk 1:23:54]} 6. O-O {[%clk 1:24:53]} c5 {[%clk 1:21:09]} 7. c3
{[%clk 1:15:35]} Nc6 {[%clk 1:17:09]} 8. Ne5 {[%clk 1:03:39]} Ne4
{[%clk 1:13:39]} 9. Nd2 {[%clk 0:56:52]} Bf5 {[%clk 1:07:05]} 10. Bf3
{[%clk 0:39:41]} Nxd2 {[%clk 0:56:29]} 11. Qxd2 {[%clk 0:30:29]} Be4
{[%clk 0:52:57]} 12. Nxc6 {[%clk 0:24:32]} bxc6 {[%clk 0:53:22]} 13. Bxe4
{[%clk 0:24:05]} dxe4 {[%clk 0:53:50]} 14. Qc2 {[%clk 0:12:53]} cxd4
{[%clk 0:52:20]} 15. cxd4 {[%clk 0:12:49]} Qd5 {[%clk 0:52:21]} 16. Bd2
{[%clk 0:12:09]} Rfd8 {[%clk 0:51:04]} 17. Rfc1 {[%clk 0:11:31]} Bxd4
{[%clk 0:45:34]} 18. exd4 {[%clk 0:09:21]} Qxd4+ {[%clk 0:44:52]} 19. Kf1
{[%clk 0:08:55]} Qxd2 {[%clk 0:45:05]} 20. Qxd2 {[%clk 0:09:16]} Rxd2
{[%clk 0:44:58]} 21. Rxc6 {[%clk 0:09:23]} Rxb2 {[%clk 0:45:52]} 22. Rc7
{[%clk 0:09:14]} e6 {[%clk 0:45:36]} 23. Rc4 {[%clk 0:09:18]} f5 {[%clk 0:45:09]}
24. a4 {[%clk 0:08:46]} Rab8 {[%clk 0:44:19]} 25. Rc7 {[%clk 0:07:45]} e3
{[%clk 0:41:38]} 26. Re1 {[%clk 0:06:49]} Rf2+ {[%clk 0:36:56]} 0-1

[Event "Mistrovstvi Cech 2019 - U16"]
[Site "?"]
[Date "2019.10.26"]
[Round "1.12"]
[White "Bartos, Vaclav"]
[Black "Zemen, Pavel"]
[Result "1-0"]
[BlackElo "1454"]
[WhiteElo "1921"]
[LiveChessVersion "1.4.8"]

1. d4 d5 2. c4 e6 3. Nc3 Nf6 4. cxd5 exd5 5. Bg5 Be7 6. e3 c6 7. Qc2 O-O 8. Bd3
h6 9. Bh4 Be6 10. Nf3 Nbd7 11. O-O Bg4 12. Nd2 Ne8 13. Bxe7 Qxe7 14. h3 Be6 15.
f4 Ndf6 16. Nf3 Nd6 17. b3 Nh5 18. Ne5 Nf6 19. Rf3 Nd7 20. f5 Bxf5 21. Bxf5 Nxe5
22. dxe5 Qxe5 23. Bd3 Nb5 24. Rc1 Nc7 25. Ne2 Ne6 26. Qc3 Qd6 27. Rg3 f6 28. Bf5
Nd8 29. Qd3 Qe7 30. Nf4 Qd6 31. Rg4 Re8 32. e4 Nf7 33. Ng6 dxe4 34. Bxe4 Qa3 35.
Qc4 Rad8 36. Nh4 b5 37. Qc2 Rc8 38. Rf1 Qd6 39. Nf5 Qd8 40. Nxg7 Qb6+ 41. Kh1 Re5
42. Ne8+ Kh8 43. Nxf6 Qe3 44. Qxc6 1-0

[Event "Mistrovstvi Cech 2019 - U16"]
[Site "?"]
[Date "2019.10.26"]
[Round "1.13"]
[White "Machacek, Jan"]
[Black "Hrbek, Tomas"]
[Result "1/2-1/2"]
[BlackElo "1913"]
[WhiteElo "1453"]
[LiveChessVersion "1.4.8"]

1. d4 {[%clk 1:30:59]} d5 {[%clk 1:30:54]} 2. Bf4 {[%clk 1:31:11]} Nf6
{[%clk 1:30:48]} 3. e3 {[%clk 1:31:34]} Bf5 {[%clk 1:28:49]} 4. c4
{[%clk 1:31:42]} e6 {[%clk 1:28:42]} 5. Nc3 {[%clk 1:32:04]} Bd6 {[%clk 1:26:06]}
6. Bg3 {[%clk 1:32:26]} c6 {[%clk 1:24:35]} 7. Qb3 {[%clk 1:31:34]} Bxg3
{[%clk 1:23:11]} 8. hxg3 {[%clk 1:31:52]} Qc7 {[%clk 1:22:58]} 9. cxd5
{[%clk 1:31:04]} cxd5 {[%clk 1:12:51]} 10. Nf3 {[%clk 1:26:25]} O-O
{[%clk 1:09:14]} 11. Be2 {[%clk 1:23:46]} Nc6 {[%clk 1:05:23]} 12. O-O
{[%clk 1:21:27]} Rac8 {[%clk 0:56:16]} 13. Rac1 {[%clk 1:19:55]} Qe7
{[%clk 0:46:13]} 14. a3 {[%clk 1:14:17]} a6 {[%clk 0:37:10]} 15. Na4
{[%clk 1:09:53]} Ne4 {[%clk 0:34:30]} 16. Nc5 {[%clk 1:07:33]} Na5
{[%clk 0:28:42]} 17. Qb6 {[%clk 0:59:14]} Nxc5 {[%clk 0:27:54]} 18. dxc5
{[%clk 0:57:54]} Nc6 {[%clk 0:24:25]} 19. Qb3 {[%clk 0:56:43]} Rfd8
{[%clk 0:17:11]} 20. Bd3 {[%clk 0:53:36]} Bxd3 {[%clk 0:10:54]} 21. Qxd3
{[%clk 0:53:58]} e5 {[%clk 0:11:06]} 22. Qc3 {[%clk 0:52:32]} d4 {[%clk 0:07:43]}
23. exd4 {[%clk 0:50:52]} exd4 {[%clk 0:05:33]} 24. Qd2 {[%clk 0:49:41]} Qf6
{[%clk 0:02:42]} 25. b4 {[%clk 0:49:08]} Rd5 {[%clk 0:02:07]} 26. Rfe1
{[%clk 0:46:50]} Rcd8 {[%clk 0:01:31]} 27. Re4 {[%clk 0:45:51]} Ne5
{[%clk 0:00:57]} 28. Nxe5 {[%clk 0:44:38]} Rxe5 {[%clk 0:00:55]} 29. Rce1
{[%clk 0:44:14]} Rxe4 {[%clk 0:01:00]} 30. Rxe4 {[%clk 0:43:34]} h6
{[%clk 0:01:14]} 31. Qd3 {[%clk 0:42:44]} Qg6 {[%clk 0:00:40]} 32. Re3
{[%clk 0:38:21]} Qg5 {[%clk 0:00:35]} 33. Re1 {[%clk 0:38:20]} Qd5
{[%clk 0:00:38]} 34. Re7 {[%clk 0:37:00]} Kf8 {[%clk 0:00:42]} 35. Re1
{[%clk 0:36:49]} g6 {[%clk 0:00:43]} 36. Qe4 {[%clk 0:35:48]} Qxe4
{[%clk 0:00:36]} 37. Rxe4 {[%clk 0:36:12]} d3 {[%clk 0:01:04]} 38. Re1
{[%clk 0:36:33]} d2 {[%clk 0:00:42]} 39. Rd1 {[%clk 0:36:58]} Rd3
{[%clk 0:01:07]} 40. Kf1 {[%clk 0:36:59]} Ke7 {[%clk 0:00:44]} 41. Ke2
{[%clk 0:37:17]} Rxa3 {[%clk 0:01:06]} 42. Rxd2 {[%clk 0:36:17]} Ra4
{[%clk 0:01:05]} 43. Rb2 {[%clk 0:36:21]} Ke6 {[%clk 0:01:27]} 44. b5
{[%clk 0:36:06]} Kd5 {[%clk 0:01:04]} 45. bxa6 {[%clk 0:36:11]} bxa6
{[%clk 0:01:31]} 46. Rb7 {[%clk 0:36:30]} Kxc5 {[%clk 0:00:36]} 47. Rxf7
{[%clk 0:36:52]} Re4+ {[%clk 0:00:35]} 48. Kd3 {[%clk 0:36:58]} Re6
{[%clk 0:00:56]} 49. Kc3 {[%clk 0:36:33]} h5 {[%clk 0:00:54]} 50. Rf8
{[%clk 0:36:29]} Rb6 {[%clk 0:00:53]} 51. Rf4 {[%clk 0:35:51]} Re6
{[%clk 0:00:40]} 1/2-1/2

[Event "Mistrovstvi Cech 2019 - U16"]
[Site "?"]
[Date "2019.10.26"]
[Round "1.14"]
[White "Cibulka, Josef"]
[Black "Kubin, Lukas"]
[Result "1-0"]
[BlackElo "1440"]
[WhiteElo "1908"]
[LiveChessVersion "1.4.8"]

1. e4 {[%clk 1:30:50]} d6 {[%clk 1:30:57]} 2. d4 {[%clk 1:30:59]} Nf6
{[%clk 1:31:05]} 3. Nc3 {[%clk 1:31:11]} Nbd7 {[%clk 1:31:16]} 4. Nf3
{[%clk 1:30:50]} e5 {[%clk 1:31:20]} 5. d5 {[%clk 1:28:57]} Be7 {[%clk 1:29:20]}
6. Be3 {[%clk 1:27:52]} h6 {[%clk 1:27:44]} 7. h3 {[%clk 1:25:24]} g5
{[%clk 1:24:43]} 8. Qd2 {[%clk 1:23:11]} Nh5 {[%clk 1:20:31]} 9. O-O-O
{[%clk 1:20:05]} Nf8 {[%clk 1:13:28]} 10. Be2 {[%clk 1:17:50]} Nf4
{[%clk 1:10:47]} 11. g3 {[%clk 1:09:11]} Nxh3 {[%clk 1:06:48]} 12. Bb5+
{[%clk 1:07:53]} Bd7 {[%clk 1:06:09]} 13. Rxh3 {[%clk 1:07:21]} Bxb5
{[%clk 1:01:42]} 14. Nxb5 {[%clk 1:07:39]} Qd7 {[%clk 1:01:04]} 15. Nxc7+
{[%clk 1:06:56]} Qxc7 {[%clk 1:00:36]} 16. Nxg5 {[%clk 1:05:25]} Bxg5
{[%clk 0:57:06]} 17. Bxg5 {[%clk 1:05:48]} Qc4 {[%clk 0:56:51]} 18. Rxh6
{[%clk 1:01:07]} Qxa2 {[%clk 0:51:57]} 19. Qb4 {[%clk 1:00:57]} Rxh6
{[%clk 0:51:32]} 20. Bxh6 {[%clk 1:01:25]} Qa6 {[%clk 0:51:18]} 21. Bxf8
{[%clk 1:00:09]} Kxf8 {[%clk 0:51:15]} 22. b3 {[%clk 0:57:37]} Ke7
{[%clk 0:41:58]} 23. Kb2 {[%clk 0:57:40]} b6 {[%clk 0:40:37]} 24. c4
{[%clk 0:53:42]} Qc8 {[%clk 0:38:47]} 25. Re1 {[%clk 0:50:03]} Qh8
{[%clk 0:33:50]} 26. Qd2 {[%clk 0:48:23]} Rg8 {[%clk 0:32:08]} 27. Ra1
{[%clk 0:48:10]} Ra8 {[%clk 0:29:32]} 28. Qg5+ {[%clk 0:47:46]} Kf8
{[%clk 0:23:36]} 29. Kc3 {[%clk 0:44:42]} a5 {[%clk 0:22:18]} 30. Qh4
{[%clk 0:43:22]} Qxh4 {[%clk 0:19:15]} 31. gxh4 {[%clk 0:43:51]} Kg7
{[%clk 0:18:57]} 32. Kd3 {[%clk 0:43:04]} Rh8 {[%clk 0:18:22]} 33. Rh1
{[%clk 0:43:23]} Rh6 {[%clk 0:16:44]} 34. f3 {[%clk 0:43:27]} Rg6
{[%clk 0:15:43]} 35. Rh3 {[%clk 0:43:32]} Kh6 {[%clk 0:14:27]} 36. Kc3
{[%clk 0:43:09]} Rg1 {[%clk 0:13:44]} 37. Kb2 {[%clk 0:43:01]} Rg2+
{[%clk 0:11:06]} 38. Ka3 {[%clk 0:43:19]} Rg1 {[%clk 0:11:23]} 39. Ka4
{[%clk 0:43:13]} Rb1 {[%clk 0:11:45]} 40. Rg3 {[%clk 0:42:02]} Kh5
{[%clk 0:10:03]} 41. Rg7 {[%clk 0:42:03]} Kxh4 {[%clk 0:09:49]} 42. Rxf7
{[%clk 0:42:27]} Kg3 {[%clk 0:09:58]} 43. Rf6 {[%clk 0:42:49]} Rb2
{[%clk 0:09:01]} 44. Rxd6 {[%clk 0:42:03]} Kxf3 {[%clk 0:09:22]} 45. Rxb6
{[%clk 0:42:24]} Kxe4 {[%clk 0:09:24]} 46. d6 {[%clk 0:42:01]} Kf3
{[%clk 0:09:28]} 47. c5 {[%clk 0:41:59]} e4 {[%clk 0:09:42]} 48. d7
{[%clk 0:42:21]} Rd2 {[%clk 0:10:02]} 49. Rd6 {[%clk 0:42:45]} 1-0

[Event "Mistrovstvi Cech 2019 - U16"]
[Site "?"]
[Date "2019.10.26"]
[Round "1.15"]
[White "Huskova, Agata"]
[Black "Hejsek, Lukas"]
[Result "0-1"]
[BlackElo "1887"]
[WhiteElo "1421"]
[LiveChessVersion "1.4.8"]

1. e4 {[%clk 1:30:56]} c5 {[%clk 1:30:42]} 2. Nc3 {[%clk 1:31:12]} g6
{[%clk 1:30:42]} 3. g3 {[%clk 1:29:22]} Bg7 {[%clk 1:30:59]} 4. Bg2
{[%clk 1:28:21]} Nc6 {[%clk 1:31:19]} 5. f4 {[%clk 1:26:24]} e6 {[%clk 1:30:09]}
6. Nf3 {[%clk 1:24:40]} Nge7 {[%clk 1:29:29]} 7. O-O {[%clk 1:23:23]} O-O
{[%clk 1:29:32]} 8. d3 {[%clk 1:22:37]} b6 {[%clk 1:29:05]} 9. Rb1
{[%clk 1:20:07]} Bb7 {[%clk 1:28:04]} 10. Be3 {[%clk 1:19:49]} d5
{[%clk 1:27:44]} 11. Bd2 {[%clk 1:12:26]} Nd4 {[%clk 1:22:49]} 12. Kh1
{[%clk 1:05:31]} Rc8 {[%clk 1:19:05]} 13. g4 {[%clk 1:02:43]} dxe4
{[%clk 1:16:43]} 14. dxe4 {[%clk 1:00:28]} Nec6 {[%clk 1:16:05]} 15. Ne2
{[%clk 0:56:26]} Ba6 {[%clk 1:16:04]} 16. Nfg1 {[%clk 0:52:26]} Nxe2
{[%clk 1:06:40]} 17. Nxe2 {[%clk 0:51:50]} Nd4 {[%clk 1:07:03]} 18. Bf3
{[%clk 0:51:46]} Nxf3 {[%clk 1:07:25]} 19. Rxf3 {[%clk 0:52:03]} Bb7
{[%clk 1:06:08]} 20. Ng3 {[%clk 0:50:32]} Qh4 {[%clk 1:04:45]} 21. Rd3
{[%clk 0:43:42]} Rcd8 {[%clk 1:03:54]} 22. Rxd8 {[%clk 0:39:43]} Rxd8
{[%clk 1:04:17]} 23. Qe2 {[%clk 0:38:08]} Ba6 {[%clk 1:00:00]} 24. Qd1
{[%clk 0:33:09]} Bd4 {[%clk 0:59:09]} 25. Qf3 {[%clk 0:22:11]} Qh3
{[%clk 0:54:15]} 26. Be1 {[%clk 0:11:27]} Bb7 {[%clk 0:52:34]} 27. g5
{[%clk 0:11:01]} h5 {[%clk 0:49:36]} 28. Qd3 {[%clk 0:08:50]} h4 {[%clk 0:49:14]}
29. c3 {[%clk 0:06:28]} hxg3 {[%clk 0:43:14]} 30. Bxg3 {[%clk 0:06:30]} c4
{[%clk 0:43:29]} 31. Qe2 {[%clk 0:01:03]} Bc5 {[%clk 0:43:50]} 0-1

[Event "Mistrovstvi Cech 2019 - U16"]
[Site "?"]
[Date "2019.10.26"]
[Round "1.16"]
[White "Ocelak, Jakub"]
[Black "Semova, Lada"]
[Result "1/2-1/2"]
[BlackElo "1420"]
[WhiteElo "1870"]
[LiveChessVersion "1.4.8"]

1. Nf3 {[%clk 1:29:34]} Nc6 {[%clk 1:30:50]} 2. d4 {[%clk 1:26:10]} d5
{[%clk 1:30:56]} 3. g3 {[%clk 1:25:57]} Nf6 {[%clk 1:30:59]} 4. Bg2
{[%clk 1:26:06]} Bf5 {[%clk 1:31:17]} 5. c4 {[%clk 1:13:44]} e6 {[%clk 1:29:55]}
6. Qa4 {[%clk 1:05:51]} Qd7 {[%clk 1:25:59]} 7. a3 {[%clk 1:00:20]} Be7
{[%clk 1:22:20]} 8. Nc3 {[%clk 0:53:32]} O-O {[%clk 1:20:23]} 9. Ne5
{[%clk 0:48:21]} Nxe5 {[%clk 1:04:47]} 10. dxe5 {[%clk 0:48:49]} Qxa4
{[%clk 1:05:04]} 11. Nxa4 {[%clk 0:49:17]} Nd7 {[%clk 1:02:13]} 12. cxd5
{[%clk 0:45:11]} exd5 {[%clk 1:02:33]} 13. Bxd5 {[%clk 0:40:39]} c6
{[%clk 1:03:17]} 14. Bb3 {[%clk 0:38:10]} Nxe5 {[%clk 1:03:08]} 15. Bf4
{[%clk 0:31:37]} Ng6 {[%clk 1:03:23]} 16. Be3 {[%clk 0:31:36]} b6
{[%clk 1:01:09]} 17. Rc1 {[%clk 0:28:24]} c5 {[%clk 1:01:11]} 18. Nc3
{[%clk 0:27:44]} Rad8 {[%clk 1:00:30]} 19. O-O {[%clk 0:26:41]} Bh3
{[%clk 0:58:24]} 20. Rfd1 {[%clk 0:26:38]} h5 {[%clk 0:54:47]} 21. Nd5
{[%clk 0:25:38]} Kh8 {[%clk 0:48:31]} 22. Nxe7 {[%clk 0:15:02]} Rxd1+
{[%clk 0:48:45]} 23. Rxd1 {[%clk 0:15:30]} Nxe7 {[%clk 0:49:08]} 24. Ba4
{[%clk 0:15:21]} Nf5 {[%clk 0:47:46]} 25. Bf4 {[%clk 0:12:24]} f6
{[%clk 0:43:38]} 26. Bd7 {[%clk 0:10:27]} g5 {[%clk 0:42:46]} 27. Bc7
{[%clk 0:08:02]} Rf7 {[%clk 0:40:30]} 28. Bd8 {[%clk 0:06:10]} Kg7
{[%clk 0:36:01]} 29. e4 {[%clk 0:04:06]} Ne3 30. fxe3 {[%clk 0:03:49]} Rxd7
{[%clk 0:33:55]} 31. Rxd7+ {[%clk 0:03:54]} Bxd7 {[%clk 0:34:19]} 32. Bc7
{[%clk 0:04:04]} c4 {[%clk 0:34:07]} 33. Bd8 {[%clk 0:04:01]} Kg6
{[%clk 0:34:06]} 34. Bc7 {[%clk 0:04:07]} b5 {[%clk 0:33:54]} 35. Kf2
{[%clk 0:04:20]} a6 {[%clk 0:31:11]} 36. Ke2 {[%clk 0:04:35]} Bc6
{[%clk 0:30:51]} 37. e5 {[%clk 0:05:04]} fxe5 {[%clk 0:30:36]} 38. Bxe5
{[%clk 0:05:32]} Kf5 {[%clk 0:30:56]} 39. Bc7 {[%clk 0:05:44]} Kg4
{[%clk 0:30:16]} 40. Kf2 {[%clk 0:05:41]} Be4 {[%clk 0:29:03]} 41. Bd8
{[%clk 0:05:50]} Kf5 {[%clk 0:25:05]} 42. h4 {[%clk 0:06:09]} gxh4
{[%clk 0:25:00]} 43. gxh4 {[%clk 0:06:36]} Bd3 {[%clk 0:22:42]} 44. Kf3
{[%clk 0:06:38]} Ke5 {[%clk 0:20:40]} 45. Bc7+ {[%clk 0:06:55]} Kd5
{[%clk 0:10:58]} 46. Kf4 {[%clk 0:04:33]} Bg6 {[%clk 0:07:46]} 47. Ba5
{[%clk 0:04:48]} Be4 {[%clk 0:05:53]} 48. Bc3 {[%clk 0:05:11]} Bg2
{[%clk 0:05:25]} 49. Kg3 {[%clk 0:04:47]} Bf1 {[%clk 0:05:39]} 50. Kf3
{[%clk 0:04:32]} Bd3 {[%clk 0:05:55]} 51. Kf4 {[%clk 0:04:49]} Bg6
{[%clk 0:06:02]} 52. Kg5 {[%clk 0:04:51]} Be8 {[%clk 0:06:24]} 53. Kf5
{[%clk 0:05:05]} Bd7+ {[%clk 0:06:33]} 54. Kf4 {[%clk 0:05:27]} Bg4
{[%clk 0:06:24]} 55. e4+ {[%clk 0:05:37]} Kd6 {[%clk 0:06:11]} 56. Ke3
{[%clk 0:05:44]} Ke6 {[%clk 0:06:29]} 57. Kd4 {[%clk 0:06:09]} Kd6
{[%clk 0:05:46]} 58. Bb4+ {[%clk 0:06:28]} Kc6 {[%clk 0:05:44]} 59. Ke5
{[%clk 0:06:46]} Bh3 {[%clk 0:04:32]} 60. Kf6 {[%clk 0:07:00]} Kd7
{[%clk 0:04:18]} 61. Bd2 {[%clk 0:06:26]} Be6 {[%clk 0:04:16]} 62. Bf4
{[%clk 0:06:13]} Bh3 {[%clk 0:03:47]} 63. Bg3 {[%clk 0:06:08]} Be6
{[%clk 0:04:03]} 64. Ke5 {[%clk 0:06:18]} Bf7 {[%clk 0:03:44]} 65. Be1
{[%clk 0:05:38]} Bg8 {[%clk 0:03:51]} 66. Bb4 {[%clk 0:05:41]} Bf7
{[%clk 0:04:04]} 67. Kf6 {[%clk 0:05:01]} Be6 {[%clk 0:04:17]} 68. Bf8
{[%clk 0:05:01]} Bh3 {[%clk 0:03:36]} 69. Ke5 {[%clk 0:04:49]} Be6
{[%clk 0:03:58]} 70. Bb4 {[%clk 0:05:01]} Bg8 {[%clk 0:04:10]} 71. Kf5
{[%clk 0:05:07]} Be6+ {[%clk 0:04:27]} 72. Kf6 {[%clk 0:05:33]} Bh3
{[%clk 0:04:42]} 73. Bf8 {[%clk 0:05:12]} 1/2-1/2

[Event "Mistrovstvi Cech 2019 - U12"]
[Site "Prichovice u Korenova"]
[Date "2019.10.26"]
[Round "1.17"]
[White "Leksova, Sona"]
[Black "Svejk, Martin"]
[Result "0-1"]
[WhiteElo "1386"]
[BlackElo "1858"]
[PlyCount "100"]
[EventDate "2019.10.26"]

{[%evp 0,100,23,30,69,75,88,51,72,2,2,5,67,33,47,7,53,22,5,-80,-47,-81,-86,-79,
-80,-148,-129,-217,-209,-213,-212,-219,-210,-257,-247,-257,-244,-236,-244,-265,
-271,-273,-246,-286,-323,-317,-261,-254,-251,-313,-253,-224,-271,-300,-303,
-335,-303,-357,-345,-399,-261,-261,-254,-261,-228,-226,-239,-250,-262,-265,
-271,-354,-364,-362,-208,-219,-194,-195,-193,-193,-199,-200,-203,-215,-213,
-222,-221,-212,-223,-267,-212,-644,-701,-784,-933,-933,-1067,-1186,-794,-1186,
-915,-1186,-1186]} 1. e4 c5 2. Nf3 d6 3. Bb5+ Nc6 4. Bxc6+ bxc6 5. O-O d5 6. e5
Bg4 7. c3 Qc7 8. Re1 e6 9. Re3 Ne7 10. d4 Nf5 11. Rd3 c4 12. h3 Bxh3 13. gxh3
cxd3 14. Qxd3 Be7 15. c4 O-O 16. cxd5 cxd5 17. Nc3 Qc4 18. Qxc4 dxc4 19. d5
exd5 20. Nxd5 Bc5 21. Nc7 Rac8 22. Nb5 a6 23. Nc3 Nd4 24. Nd2 Nc2 25. Rb1 Rfe8
26. Nf3 Nd4 27. Nd2 Ba7 28. f4 Ne2+ 29. Kh2 Nxf4 30. Nde4 Nd3 31. Nd6 Nxe5 32.
Nxc8 Rxc8 33. Nd5 Rd8 34. Be3 Bb8 35. Rd1 Nd3+ 36. Bf4 Bxf4+ 37. Nxf4 Rd4 38.
Ne2 Rd7 39. b3 cxb3 40. axb3 Kf8 41. Ng3 g6 42. Ne4 Ke7 43. Ra1 f5 44. Nd2 Ne5
45. Ra2 Rxd2+ 46. Rxd2 Nf3+ 47. Kg3 Nxd2 48. b4 Nb3 49. Kf4 Kf6 50. h4 Nd4 0-1

[Event "Mistrovstvi Cech 2019 - U16"]
[Site "Prichovice u Korenova"]
[Date "2019.10.26"]
[Round "1.18"]
[White "Pors, Jaroslav"]
[Black "Hampl, David"]
[Result "1-0"]
[WhiteElo "1850"]
[BlackElo "1357"]
[PlyCount "29"]
[EventDate "2019.10.26"]

{[%evp 0,29,15,14,14,-20,35,36,27,37,37,47,31,12,60,18,77,22,70,60,142,104,82,
100,104,85,192,117,122,131,724,730]} 1. d4 Nf6 2. c4 g6 3. Nc3 Bg7 4. e4 d6 5.
Nf3 O-O 6. Be2 e5 7. d5 Ne8 8. h4 f5 9. h5 Qf6 10. Bg5 Qf7 11. hxg6 Qxg6 12.
Qd2 Na6 13. Be7 Rf7 14. Nh4 Qh6 15. Bg5 1-0

[Event "Mistrovstvi Cech 2019 - FIDE"]
[Site "?"]
[Date "2019.10.27"]
[Round "2.1"]
[White "Jun, Rudolf"]
[Black "Petr, Jakub"]
[Result "0-1"]
[BlackElo "2288"]
[WhiteElo "2105"]
[LiveChessVersion "1.4.8"]

1. e4 {[%clk 1:30:57]} c6 {[%clk 1:30:43]} 2. d4 {[%clk 1:30:15]} d5
{[%clk 1:31:09]} 3. exd5 {[%clk 1:30:39]} cxd5 {[%clk 1:31:34]} 4. Bd3
{[%clk 1:31:04]} Nc6 {[%clk 1:31:03]} 5. c3 {[%clk 1:30:56]} Nf6 {[%clk 1:30:49]}
6. h3 {[%clk 1:29:44]} g6 {[%clk 1:29:40]} 7. Nf3 {[%clk 1:29:43]} Bg7
{[%clk 1:29:20]} 8. Bf4 {[%clk 1:29:06]} O-O {[%clk 1:28:27]} 9. O-O
{[%clk 1:29:14]} Bf5 {[%clk 1:25:16]} 10. Bxf5 {[%clk 1:27:52]} gxf5
{[%clk 1:25:38]} 11. Ne5 {[%clk 1:26:41]} Nd7 {[%clk 1:19:19]} 12. Nxc6
{[%clk 1:22:13]} bxc6 {[%clk 1:19:43]} 13. Re1 {[%clk 1:22:35]} Re8
{[%clk 1:03:59]} 14. Nd2 {[%clk 1:22:23]} c5 {[%clk 0:59:48]} 15. Nf3
{[%clk 1:21:11]} e6 {[%clk 0:50:57]} 16. Ne5 {[%clk 1:07:28]} Nxe5
{[%clk 0:42:20]} 17. dxe5 {[%clk 1:06:44]} Rb8 {[%clk 0:37:01]} 18. b3
{[%clk 1:06:23]} c4 {[%clk 0:23:41]} 19. Qd4 {[%clk 1:04:49]} Qb6
{[%clk 0:22:06]} 20. Be3 {[%clk 1:02:30]} cxb3 {[%clk 0:20:59]} 21. axb3
{[%clk 1:02:39]} Qxb3 {[%clk 0:20:33]} 22. Rxa7 {[%clk 1:02:48]} Rec8
{[%clk 0:20:46]} 23. Bd2 {[%clk 1:02:00]} Qc2 {[%clk 0:17:26]} 24. Rc1
{[%clk 0:55:01]} Qe4 {[%clk 0:15:36]} 25. Re1 {[%clk 0:53:38]} Qc2
{[%clk 0:16:03]} 26. Rc1 {[%clk 0:53:31]} Qe4 {[%clk 0:16:21]} 27. Re1
{[%clk 0:53:55]} Qxd4 {[%clk 0:16:31]} 28. cxd4 {[%clk 0:54:20]} Rc4
{[%clk 0:16:38]} 29. Be3 {[%clk 0:54:46]} f4 {[%clk 0:16:55]} 30. Bxf4
{[%clk 0:55:12]} Rxd4 {[%clk 0:17:14]} 31. Bg3 {[%clk 0:55:08]} h5
{[%clk 0:16:42]} 32. Ra2 {[%clk 0:54:32]} h4 {[%clk 0:13:51]} 33. Bh2
{[%clk 0:54:59]} Re4 {[%clk 0:12:36]} 34. Rd1 {[%clk 0:55:21]} Bxe5
{[%clk 0:09:16]} 35. Bxe5 {[%clk 0:55:45]} Rxe5 {[%clk 0:09:44]} 36. Rd4
{[%clk 0:56:01]} Rh5 {[%clk 0:09:47]} 37. Raa4 {[%clk 0:55:58]} Rb1+
{[%clk 0:09:15]} 38. Kh2 {[%clk 0:56:22]} Rb2 {[%clk 0:09:37]} 39. f3
{[%clk 0:53:34]} Rg5 {[%clk 0:07:55]} 40. Rg4 {[%clk 0:53:57]} Rxg4
{[%clk 0:08:20]} 41. Rxg4+ {[%clk 0:54:22]} Kf8 {[%clk 0:08:46]} 42. Rxh4
{[%clk 0:54:41]} e5 {[%clk 0:08:43]} 43. Ra4 {[%clk 0:52:43]} Ke7
{[%clk 0:07:35]} 44. Kg1 {[%clk 0:52:19]} d4 {[%clk 0:07:42]} 45. Ra3
{[%clk 0:52:01]} Ke6 {[%clk 0:07:41]} 46. g4 {[%clk 0:51:37]} Kd5
{[%clk 0:07:11]} 47. Ra5+ {[%clk 0:50:18]} Kc4 {[%clk 0:06:59]} 48. Rxe5
{[%clk 0:50:25]} d3 {[%clk 0:07:11]} 49. Re1 {[%clk 0:50:16]} d2 {[%clk 0:06:14]}
50. Rd1 {[%clk 0:50:41]} Rc2 {[%clk 0:06:38]} 51. Kf2 {[%clk 0:50:34]} Kd3
{[%clk 0:07:04]} 52. f4 {[%clk 0:48:11]} Rc1 {[%clk 0:07:23]} 53. Rxd2+
{[%clk 0:48:37]} Kxd2 {[%clk 0:07:48]} 54. g5 {[%clk 0:48:41]} Kd3
{[%clk 0:08:09]} 55. h4 {[%clk 0:48:17]} Ke4 {[%clk 0:08:32]} 0-1

[Event "Mistrovstvi Cech 2019 - FIDE"]
[Site "?"]
[Date "2019.10.27"]
[Round "2.2"]
[White "Hurdzan, Tomas"]
[Black "Kotva, Milan"]
[Result "1-0"]
[BlackElo "1906"]
[WhiteElo "2229"]
[LiveChessVersion "1.4.8"]

1. d4 d5 2. c4 c6 3. Nf3 Nf6 4. g3 e6 5. Bg2 Be7 6. O-O Nbd7 7. b3 O-O 8. Bb2 b6
9. Nbd2 Ba6 10. Qc2 Rc8 11. e4 dxe4 12. Nxe4 Nxe4 13. Qxe4 Nf6 14. Qe2 Bb7 15.
Ne5 Rc7 16. Rad1 Qa8 17. Rd3 c5 18. Bxb7 Qxb7 19. dxc5 Bxc5 20. Re1 Bb4 21. Red1
Be7 22. Qf3 Qxf3 23. Nxf3 Rfc8 24. Kg2 Kf8 25. Ne5 b5 26. cxb5 Rc2 27. R3d2 Ne4
28. Rxc2 Rxc2 29. Bd4 Rxa2 30. Nc6 Bf6 31. Bxa7 Rb2 32. Rd3 1-0